000 00578nam a22001937a 4500
005 20251108164300.0
008 250721s1989 xx 000 0 ara d
082 1 4 _a375.001/صال
100 1 _aهندي، صالح ذياب
245 1 0 _aتخطيط المنهج و تطويره /
264 1 _aعمان :
_bدار الفكر للنشر و التوزيع،
_c1989.
300 _a338ص
650 1 7 _aالتربية
650 1 7 _aالمناهج
700 1 _aعليان، هشام عامر
700 1 _aمصلح، عدنان عارف
942 _2ddc
_cBK
999 _c8296
_d8296